Zwischen Götter-dämmerung und Wiederauferstehung : Linksradikalismus im Wandel / Jochen Weichold
Available copies
- 1 of 1 copy available at Common Catalog SPOK.
Holds
- 0 current holds with 1 total copy.
Show All Copies
| Location | Call Number / Copy Notes | Barcode | Shelving Location | Status | Due Date |
|---|---|---|---|---|---|
| Terezin Initiative Institute | 4911 | 4594304911 | Knihovna ITI | Available | - |
| LDR | 00820nam a22002531a 4500 | ||
|---|---|---|---|
| 001 | 27669 | ||
| 003 | CZ-PrJAB | ||
| 005 | 20230206083806.0 | ||
| 008 | 051010s1989 gw a gr 001 0 ger | ||
| 020 | . | ‡a3-355-00492-8 (brož.) | |
| 035 | . | ‡a(CONS)2490 | |
| 035 | . | ‡a(CZ PrSKC)gk77240803 | |
| 040 | . | ‡aABA001 ‡bcze ‡cABA001 ‡dABA001 | |
| 080 | . | ‡a329.7-055.4(4-15)(049.3)=30 | |
| 080 | . | ‡a329.7-055.4(091)=30 | |
| 100 | 1 | . | ‡aWeichold, Jochen ‡4aut |
| 245 | 1 | 0. | ‡aZwischen Götter-dämmerung und Wiederauferstehung : ‡bLinksradikalismus im Wandel / ‡cJochen Weichold |
| 260 | . | ‡aBerlin : ‡bNeues Leben, ‡c1989 | |
| 300 | . | ‡a256 s. : ‡bil. ; ‡c22 cm | |
| 490 | 1 | . | ‡aKonkret ; ‡v89 |
| 504 | . | ‡aObsahuje bibliografii a rejstřík | |
| 830 | 0. | ‡aKonkret | |
| 852 | 4 | . | ‡bJACH-ITI ‡bJACH-ITI ‡cKnihovna ITI ‡j4911 ‡p4911 ‡y$0.00 |
| 910 | . | ‡aABE340 ‡b4911 | |
| 995 | . | ‡askok | |
| 901 | . | ‡a27669 ‡bISxN ‡c27669 ‡tbiblio | |